000
00295nam a22001337a 4500
008
170830b xxu||||| |||| 00| 0 eng d
020
_a
9780073042596
041
_a
eng
080
_2
6TH
_a
070
100
_a
40
101
_a
MED
245
_a
COMMUNICATING IN GROUPS
_c
ADAMS,K
942
_2
udc
_c
BK
999
_c
25559
_d
25559